Online
Catalog

Granito de amor / (Record no. 18118)

MARC details
000 -CABECERA
campo de control de longitud fija 00809nam a2200241 a 4500
001 - NÚMERO DE CONTROL
campo de control 000018598
005 - FECHA Y HORA DE LA ÚLTIMA TRANSACCIÓN
campo de control 20250723150125.0
008 - DATOS DE LONGITUD FIJA--INFORMACIÓN GENERAL
campo de control de longitud fija 100512s2009 dr r 000 0 spa d
020 ## - NÚMERO INTERNACIONAL ESTÁNDAR DEL LIBRO
Número Internacional Estándar del Libro 9789993458760
040 ## - FUENTE DE LA CATALOGACIÓN
Centro catalogador/agencia de origen DO-SdBNP
Lengua de catalogación spa
Centro/agencia transcriptor BNPHU
082 ## - NÚMERO DE LA CLASIFICACIÓN DECIMAL DEWEY
Número de clasificación RD861.44
Número de documento/Ítem D671g
100 1# - ENTRADA PRINCIPAL--NOMBRE DE PERSONA
Nombre de persona Domínguez, Francisca Otilia,
Fechas asociadas al nombre 1923-
9 (RLIN) 24943
245 10 - MENCIÓN DE TÍTULO
Título Granito de amor /
Mención de responsabilidad, etc. Francisca Otilia Domínguez ; prólogo Mariano Lebrón Saviñón.
250 ## - MENCIÓN DE EDICIÓN
Mención de edición 2º ed.
260 ## - PUBLICACIÓN, DISTRIBUCIÓN, ETC.
Lugar de publicación, distribución, etc. Santo Domingo :
Nombre del editor, distribuidor, etc. Centenario,
Fecha de publicación, distribución, etc. 2009.
300 ## - DESCRIPCIÓN FÍSICA
Extensión 126 p. ;
Dimensiones 22 cm.
590 ## - NOTA LOCAL (RLIN)
Nota local Inventariado, 2018/BT
650 #0 - PUNTO DE ACCESO ADICIONAL DE MATERIA--TÉRMINO DE MATERIA
Término de materia o nombre geográfico como elemento de entrada Poesía dominicana
9 (RLIN) 66
650 #0 - PUNTO DE ACCESO ADICIONAL DE MATERIA--TÉRMINO DE MATERIA
Término de materia o nombre geográfico como elemento de entrada Prosa dominicana
9 (RLIN) 12146
650 #0 - PUNTO DE ACCESO ADICIONAL DE MATERIA--TÉRMINO DE MATERIA
Término de materia o nombre geográfico como elemento de entrada Literatura dominicana.
9 (RLIN) 67
700 1# - PUNTO DE ACCESO ADICIONAL--NOMBRE DE PERSONA
Nombre de persona Lebrón Saviñon, Mariano
Fechas asociadas al nombre 1922-2014
Término indicativo de función/relación pról.
9 (RLIN) 7227
910 ## - DATOS DE OPCIÓN DEL USUARIO (OCLC)
Datos de opción del usuario Validado. Control de calidad. MMOLINA
Holdings
Estado de retiro Estado de pérdida No para préstamo Código de colección Localización permanente Ubicación/localización actual Ubicación en estantería Fecha de adquisición Número de inventario Total de préstamos Signatura topográfica completa Código de barras Fecha visto por última vez Precio válido a partir de Tipo de ítem Koha Número de copia
    Excluido de préstamo Patrimonio Dominicano Patrimonio Dominicano Patrimonio Dominicano Depósito 12.05.2010 LF1   RD861.44 D671g 18598-10 25.06.2020 25.06.2020 Libro y Folleto Colección Patrimonio Dominicano  
    Excluido de préstamo Patrimonio Dominicano Patrimonio Dominicano Patrimonio Dominicano Depósito 12.05.2010 LF1   RD861.44 D671g 18598-20 25.06.2020 25.06.2020 Libro y Folleto Colección Patrimonio Dominicano e. 2

Powered by Koha